Bratrstvo krve. 3, Mega hustej nářez /
Třetí kniha série Bratrstvo krve přináší rozhodující boj mezi upíry a mimozemšťany.
Uloženo v:
| Série: | Bratrstvo krve,
část 3 |
|---|---|
| Hlavní autor: | |
| Médium: | E-kniha |
| Jazyk: | Czech |
| Vydáno: |
Praha :
Epocha s.r.o.,
2024
|
| Vydání: | Druhé vydání |
| Edice: | Fantastická Epocha
|
| Témata: | |
| Příbuzné jednotky: | Z cyklu::
Bratrstvo krve |
| Tagy: |
Žádné tagy |
| LEADER | 02328nam a2200433 i 4500 | ||
|---|---|---|---|
| 001 | 312453 | ||
| 003 | CZ PrSKC | ||
| 005 | 20260601215723.0 | ||
| 007 | ta | ||
| 008 | 240712s2024 xr g 000 f cze | ||
| 015 | |a cnb003614788 | ||
| 020 | |a 9788027801855 |q (brožováno) | ||
| 035 | |a (OCoLC)1459785617 | ||
| 040 | |a ABG001 |b cze |e rda | ||
| 072 | 7 | |a 821.162.3-3 |x Česká próza |2 Konspekt | |
| 080 | |a 821.162.3-31 |2 MRF | ||
| 080 | |a (0:82-312.9) |2 MRF | ||
| 100 | 1 | |a Kotleta, František |c (fiktivní postava), |d 1981- |7 xx0123480 |4 aut | |
| 245 | 1 | 0 | |a Bratrstvo krve. |n 3, |p Mega hustej nářez / |c František Kotleta |
| 246 | 3 | 0 | |a Mega hustej nářez |
| 250 | |a Druhé vydání | ||
| 264 | 1 | |a Praha : |b Epocha s.r.o., |c 2024 | |
| 300 | |a 390 stran ; |c 18 cm | ||
| 336 | |a text |b txt |2 rdacontent | ||
| 337 | |a bez média |b n |2 rdamedia | ||
| 338 | |a svazek |b nc |2 rdacarrier | ||
| 490 | 1 | |a Fantastická Epocha ; |v sv. 19 | |
| 520 | 2 | |a Třetí kniha série Bratrstvo krve přináší rozhodující boj mezi upíry a mimozemšťany. |b S partyzánštinou je konec. Je na čase rozpoutat válku. Absolutní válku lidí proti mimozemským okupantům. Jestli má být planeta Země svobodná, je třeba obětovat všechno, včetně vlastních životů - a to platí nejen pro lidi, ale i pro upíry. Jan Bezzemek, Gerhard, Petra, Lucie i Diana a jeho partička upířích transvestitů a dalších spojenců stojí na prahu poslední bitvy se žlutými šmejdy z vesmíru a vědí, že není cesty zpět. Čeká je buď svoboda, nebo smrt. Nakladatelská anotace. Kráceno. | |
| 655 | 7 | |a české romány |7 fd133974 |2 czenas | |
| 655 | 7 | |a fantasy romány |7 fd184199 |2 czenas | |
| 655 | 9 | |a Czech fiction |2 eczenas | |
| 655 | 9 | |a fantasy novels |2 eczenas | |
| 787 | 0 | 8 | |i Z cyklu: |t Bratrstvo krve |g 3 |
| 830 | 0 | |a Fantastická Epocha | |
| 900 | |a ABA001 |b 20 | ||
| 044 | |a xr | ||
| 910 | |a RBIT002 | ||
| 998 | |d 407747 |a https://core.palmknihy.cz/api/books/407747/cover?sgf45p |b https://core.palmknihy.cz/api/books/407747/cover/400?sgf45p |c https://core.palmknihy.cz/api/books/407747/cover/50?sgf45p |e 2026-12-31 |g 392 |i 9788027801855 |j https://core.palmknihy.cz/api/books/407747/preview.epub |k https://core.palmknihy.cz/api/books/407747/preview.pdf |l |q 49 |r 1 |s https://www.palmknihy.cz/kniha/407747 |t ebook |y 2024 |z 0 |v Bratrstvo krve |w 3 | ||
| 999 | |d 312451 | ||